000 00512nam a2200169 i 4500
001 25884
003 ES-MaACL
005 20230906153340.0
007 t|
008 030103s1966 sp ||||1| spa d
100 1 _aArmstrong, D. M.
_922999
245 1 3 _aLa percepción y el mundo físico /
_cD. M. Armstrong ; [traducción por Pedro García Ferrero].
260 _aMadrid :
_bTecnos,
_c1966.
300 _a235 p. ;
_c24 cm.
700 1 _aGarcía Ferrero, Pedro.
_954614
852 _aES-MaACL
_jC-29691
_bR.59803
999 _c25884
_d25884